|
|
|
|
| LEADER |
00000nam0a2200000 4500 |
| 001 |
328703 |
| 005 |
20231102004104.0 |
| 035 |
|
|
|a (RuTPU)RU\TPU\book\354403
|
| 035 |
|
|
|a RU\TPU\book\354400
|
| 090 |
|
|
|a 328703
|
| 100 |
|
|
|a 20170221d1981 km y0rusy50 ca
|
| 101 |
0 |
|
|a rus
|
| 102 |
|
|
|a RU
|
| 105 |
|
|
|a a z 001zy
|
| 200 |
1 |
|
|a Вопросы теории и промышленной эксплуатации асинхронизированных синхронных машин
|f Всесоюзный научно-исследовательский институт электроэнергетики (ВНИИЭ)
|
| 210 |
|
|
|a Москва
|c Энергия
|d 1981
|
| 215 |
|
|
|a 107 с.
|c ил.
|
| 225 |
1 |
|
|a Труды ВНИИЭ
|v Вып. 61
|
| 320 |
|
|
|a Библиография в конце статей
|
| 606 |
1 |
|
|a Электрические машины, синхронные, асинхронизированные
|2 stltpush
|3 (RuTPU)RU\TPU\subj\27234
|9 51024
|
| 610 |
1 |
|
|a теория
|
| 610 |
1 |
|
|a промышленная эксплуатация
|
| 610 |
1 |
|
|a асинхронизированные синхронные машины
|
| 610 |
1 |
|
|a переходные процессы
|
| 610 |
1 |
|
|a управление
|
| 610 |
1 |
|
|a роторы
|
| 610 |
1 |
|
|a технико-экономическая эффективность
|
| 610 |
1 |
|
|a применение
|
| 610 |
1 |
|
|a турбогенераторы
|
| 610 |
1 |
|
|a компенсаторы
|
| 610 |
1 |
|
|a преобразователи частоты
|
| 675 |
|
|
|a 621.313.32.018
|v 3
|
| 712 |
0 |
2 |
|a Всесоюзный научно-исследовательский институт электроэнергетики (ВНИИЭ)
|2 stltpush
|3 (RuTPU)RU\TPU\col\11260
|
| 801 |
|
1 |
|a RU
|b 63413507
|c 20060913
|g PSBO
|
| 801 |
|
2 |
|a RU
|b 63413507
|c 20170331
|g PSBO
|
| 942 |
|
|
|c BK
|